| 000 | 00760nam a22002057a 4500 | ||
|---|---|---|---|
| 003 | OSt | ||
| 005 | 20260122194819.0 | ||
| 008 | 230317b ||||| |||| 00| 0 eng d | ||
| 040 | _cOst | ||
| 041 | _ashan | ||
| 082 | _a371.39 | ||
| 245 |
_aပပ်ႉယိပ်းတိုဝ်းၸုမ်းတႆးပၢၼ်မႂ်ႇ။ _cၸုမ်းတႆးပၢၼ်မႂ်ႇ |
||
| 260 | _c2013 | ||
| 300 |
_a65 ၼႃႈ _c20 ၸိၼ်ႇထီႇ |
||
| 500 | _aပပ်ႉၸဝ်ႈၼႃႇၼႁင်းၶေႃ တွၵ်ႉတိူဝ်ႇၸၢႆးဢွင်ႇထုၼ်း | ||
| 500 | _aS-SAT: Dr. Prof Sai Aung Tun | ||
| 650 |
_aပပ်ႉၵႅမ်မိုဝ်း _922138 |
||
| 942 | _cBK | ||
| 942 | _2ddc | ||
| 999 |
_c23388 _d23388 |
||